The kinetics of protein crystallization /
محفوظ في:
| المؤلف الرئيسي: | |
|---|---|
| التنسيق: | أطروحة كتاب |
| اللغة: | English |
| منشور في: |
2003.
|
| الوسوم: |
إضافة وسم
لا توجد وسوم, كن أول من يضع وسما على هذه التسجيلة!
|
| LEADER | 00664nam a2200205 a 4500 | ||
|---|---|---|---|
| 001 | u520497 | ||
| 003 | SIRSI | ||
| 008 | 040219s2003 si v 00 1 eng m | ||
| 035 | |a ADA-4364 | ||
| 040 | |a UMM | ||
| 090 | |a QC3 |b NUS 2003 Zha | ||
| 100 | 1 | 0 | |a Zhang, Jing |
| 245 | 1 | 4 | |a The kinetics of protein crystallization / |c Zhang Jing. |
| 260 | |c 2003. | ||
| 300 | |a v, 70 leaves : |b ill. ; |c 30 cm. | ||
| 502 | |a Dissertation (M.Sc.) -- National University of Singapore, 2003. | ||
| 504 | |a Bibliography: leaves 66-70. | ||
| 948 | |a 01/03/2004 |b 01/03/2004 | ||
| 596 | |a 1 | ||
| 999 | |a QC3 NUS 2003 ZHA |w LC |c 1 |i A511199929 |l B_KOM4 |m P01UTAMA |r Y |s Y |t TESIS |u 12/3/2004 |o .PUBLIC. BKOM 4 : 44420 | ||
